Comarques de Catalunya sense algunes lletres - Statistics

General Stats
  • This quiz has been taken 50 times
    48 since last reset
  • The average score is 12 of 20
Answer Stats
Nom sense alguna lletra Comarca % Correct
_A_ D'_R_N Val d'Aran
100%
_O_C_ D_ B_R_E_À Conca de Barberà
89%
_A_X _L_B_E_A_ Baix Llobregat
88%
_A_X _A_P Baix Camp
87%
_L_ P_N_D_S Alt Penedès
86%
_A_X _B_E Baix Ebre
86%
_A_R_F Garraf
86%
_E_G_E_À Berguedà
85%
_N_I_ Anoia
82%
_L_ D_ L'_S_A_Y Pla de l'Estany
81%
_O_S_N_S Solsonès
80%
_S_N_ Osona
79%
_L_ U_G_L_ Alt Urgell
75%
_A_L_R_ J_S_À Pallars Jussà
75%
_L_Ç_N_S Lluçanès
74%
_O_A_È_ Moianès
73%
_L_ D'_R_E_L Pla d'Urgell
73%
_L_A _I_A_O_Ç_ Alta Ribagorça
71%
_I_E_A _'E_R_ Ribera d'Ebre
69%
_A_R_G_N_S Tarragonès
67%
_A_L_S _C_I_E_T_L Vallès Occidental
64%
_A_X _M_O_D_ Baix Empordà
63%
_R_E_L Urgell
62%
_L_ E_P_R_À Alt Empordà
60%
_A_X _E_E_È_ Baix Penedès
60%
_E_V_ Selva
57%
_A_C_L_N_S Barcelonès
54%
_A_E_ Bages
53%
_A_E_M_ Maresme
53%
_I_O_È_ Gironès
50%
_A_L_R_ S_B_R_ Pallars Sobirà
50%
_L_ C_M_ Alt Camp
44%
_R_O_A_ Priorat
44%
_A_L_S _R_E_T_L Vallès Oriental
43%
_O_T_I_ Montsià
36%
_E_D_N_A Cerdanya
29%
_E_R_À Segrià
29%
_A_R_G_E_ Garrigues
25%
_A_R_T_A Garrotxa
23%
_I_O_L_S Ripollès
20%
_E_A_R_ Segarra
20%
_E_R_ A_T_ Terra Alta
20%
_O_U_R_ Noguera
18%
No matching quizzes found
Score Distribution
Percent of People with Each Score
Percentile by Number Answered
Your Score History
You have not taken this quiz since the last reset